LEADER 00856nam0-2200325---450- 001 990009635860403321 005 20121109121156.0 010 $a1566769337 035 $a000963586 035 $aFED01000963586 035 $a(Aleph)000963586FED01 035 $a000963586 100 $a20121018d2006----km-y0itay50------ba 101 0 $aeng 102 $aUS 105 $a--------001yy 200 1 $aFlavor chemistry and technology$fGary Reineccius 205 $a2nd ed. 210 $aBoca Raton$cTaylor & Francis$d2006 215 $a489 p.$cill.$d24 cm 610 0 $aFlavor 676 $a664.5 700 1$aReineccius,$bGary$091663 801 0$aIT$bUNINA$gRICA$2UNIMARC 901 $aBK 912 $a990009635860403321 952 $a60 664.5 B 9$b14022$fFAGBC 959 $aFAGBC 996 $aFlavor chemistry and technology$9847662 997 $aUNINA LEADER 01230nam a2200277 i 4500 001 991001156139707536 008 050601s2005 njua b 001 0 eng d 020 $a0131272721 035 $ab13328840-39ule_inst 040 $aDip.to Ingegneria dell'Innovazione$beng 082 0 $a658$222 100 1 $aRobbins, Stephen P.,$d1943-$0107507 245 10$aManagement /$cStephen P. Robbins, Mary Coulter 250 $a8th ed. 260 $aUpper Saddle River, NJ :$bPearson Prentice Hall,$cc2005 300 $axxxi, 608 p. :$bill. ;$c29 cm 504 $aIncludes bibliographical references and indexes 650 4$aManagement 700 1 $aCoulter, Mary K.$eauthor$4http://id.loc.gov/vocabulary/relators/aut$0594259 907 $a.b13328840$b21-09-06$c15-07-05 912 $a991001156139707536 945 $aLE026 658 D ROB 01.01 C.1 2005$cC.1$g1$i2026000023823$lle026$nProf. Passiante / Biblioteca$op$pE52.50$q-$rn$s- $t1$u0$v0$w0$x0$y.i14131596$z03-10-05 945 $aLE026 658 D ROB 01.01 C.2 2005$cC.2$g1$i2026000023830$lle026$nProf. Passiante / Biblioteca$op$pE52.50$q-$rl$s- $t0$u2$v0$w2$x0$y.i14131602$z03-10-05 996 $aManagement$91461504 997 $aUNISALENTO 998 $ale026$b01-06-05$cm$da $e-$feng$gnju$h0$i0